[Event "Skalica op-A"]
[Site "Skalica"]
[Date "2023.08.27"]
[Round "9"]
[White "Rak, Martin"]
[Black "Zemkova, Klara"]
[Result "1-0"]
[WhiteElo "1964"]
[BlackElo "1888"]
[PlyCount "49"]
[EventDate "2023.08.19"]
[EventType "swiss"]
[EventRounds "9"]
[EventCountry "SVK"]
[SourceTitle "CBM 215 Extra"]
[Source "ChessBase"]
[SourceDate "2023.09.30"]
[SourceVersion "1"]
[SourceVersionDate "2023.09.30"]
[SourceQuality "1"]

1. e4 c6 2. d4 d5 3. exd5 cxd5 4. Bd3 Nc6 5. c3 Nf6 6. h3 g6 7. Nf3 Bf5 8. Be2 Qc7 9. 0-0 e6 10. Re1 h5 11. a3 Be7 12. Nbd2 g5 13. Nxg5 Rg8 14. Nf1 h4 15. Kh1 0-0-0 16. Bd3 Bxd3 17. Qxd3 Nh5 18. Nxf7 Rdf8 19. Nh6 Rg7 20. Qe2 Nf4 21. Bxf4 Rxf4 22. Qxe6+ Kb8 23. Nf5 Nd8 24. Nxg7 Nxe6 25. Nxe6 1-0

[Event "Skalica op-A"]
[Site "Skalica"]
[Date "2023.08.19"]
[Round "1"]
[White "Akshit, Kumar J"]
[Black "Zemkova, Klara"]
[Result "1/2-1/2"]
[WhiteElo "2169"]
[BlackElo "1888"]
[PlyCount "57"]
[EventDate "2023.08.19"]
[EventType "swiss"]
[EventRounds "9"]
[EventCountry "SVK"]
[SourceTitle "CBM 215 Extra"]
[Source "ChessBase"]
[SourceDate "2023.09.30"]
[SourceVersion "1"]
[SourceVersionDate "2023.09.30"]
[SourceQuality "1"]

1. e4 c6 2. Nc3 d5 3. Nf3 d4 4. Ne2 c5 5. Ng3 Nc6 6. Bc4 e6 7. d3 Bd6 8. 0-0 Nge7 9. Nh4 Ng6 10. Nxg6 hxg6 11. f4 Qh4 12. Qf3 g5 13. h3 gxf4 14. Bxf4 Bxf4 15. Qxf4 Qxf4 16. Rxf4 Ne5 17. Bb3 Bd7 18. Raf1 Ke7 19. Ne2 Raf8 20. a4 g5 21. R4f2 Rh7 22. Rd1 g4 23. Nf4 Rg8 24. hxg4 Nxg4 25. Rf3 Ne3 26. Rd2 a6 27. a5 Bc6 28. c3 Rhg7 29. Rff2 1/2-1/2

[Event "Skalica op-B"]
[Site "Skalica"]
[Date "2021.08.25"]
[Round "5"]
[White "Zemkova, Klara"]
[Black "Ihnat, Marek"]
[Result "1-0"]
[WhiteElo "1743"]
[BlackElo "1459"]
[PlyCount "59"]
[EventDate "2021.08.21"]
[EventType "swiss"]
[EventRounds "9"]
[EventCountry "SVK"]
[SourceTitle "CBM 204 Extra"]
[Source "ChessBase"]
[SourceDate "2021.11.30"]
[SourceVersion "1"]
[SourceVersionDate "2021.11.30"]
[SourceQuality "1"]

1. d4 d5 2. Nc3 c6 3. Nf3 Nd7 4. e4 dxe4 5. Nxe4 e6 6. Bd3 h6 7. Ne5 Nxe5 8. dxe5 Qa5+ 9. Bd2 Qxe5 10. Bc3 Qc7 11. Qe2 Bd7 12. Bd4 Bb4+ 13. c3 Bf8 14. 0-0 c5 15. Nxc5 Nf6 16. Nxd7 Nxd7 17. Rfe1 Bd6 18. g3 0-0 19. Qe4 g6 20. Qh4 h5 21. g4 Bc5 22. gxh5 Bxd4 23. cxd4 Kg7 24. hxg6 Rh8 25. Qg3 Qb6 26. gxf7+ Kf8 27. Qe3 Qd6 28. Qxe6 Qxh2+ 29. Kf1 Rd8 30. Qe7+ 1-0

[Event "Pobeskydy op"]
[Site "Frydek Mistek"]
[Date "2017.04.16"]
[Round "8"]
[White "Zemkova, Klara"]
[Black "Bakalar, Jan"]
[Result "0-1"]
[WhiteElo "1792"]
[BlackElo "2010"]
[PlyCount "70"]
[EventDate "2017.04.13"]
[EventType "swiss"]
[EventRounds "9"]
[EventCountry "CZE"]
[SourceTitle "CBM 177 Extra"]
[Source "ChessBase"]
[SourceDate "2017.04.27"]
[SourceVersion "1"]
[SourceVersionDate "2017.04.27"]
[SourceQuality "1"]

1. e4 c5 2. Nf3 e6 3. d4 cxd4 4. Nxd4 a6 5. Nc3 Qc7 6. Be2 Ne7 7. 0-0 Nec6 8. Nb3 b5 9. a3 d6 10. Be3 Nd7 11. f4 Nb6 12. Nd2 Na5 13. a4 b4 14. Na2 d5 15. Bf3 Nac4 16. Nxc4 Nxc4 17. Bc1 Bc5+ 18. Kh1 d4 19. c3 bxc3 20. bxc3 Ne3 21. Bxe3 dxe3 22. Nb4 0-0 23. Nc2 Qxf4 24. Qe1 Bb7 25. g3 Qg5 26. e5 Bxf3+ 27. Rxf3 Qxe5 28. Nxe3 Rab8 29. Ng2 Qd5 30. Qe2 Rb3 31. Raf1 Qc6 32. Qc4 Rb2 33. Nf4 Rfb8 34. Nd3 Rb1 35. Rxb1 Qxf3# 0-1

[Event "Liptovsky Mikulas CupT U20"]
[Site "Liptovsky Mikulas"]
[Date "2015.06.28"]
[Round "6.4"]
[White "Zemkova, Klara"]
[Black "Janecek, Miroslav"]
[Result "1-0"]
[WhiteElo "1780"]
[BlackElo "1475"]
[PlyCount "65"]
[EventDate "2015.06.25"]
[EventType "team-swiss"]
[EventRounds "7"]
[EventCountry "SVK"]
[SourceTitle "CBM 167 Extra"]
[Source "ChessBase"]
[SourceDate "2015.09.14"]
[SourceVersion "1"]
[SourceVersionDate "2015.09.14"]
[SourceQuality "1"]
[WhiteTeam "Interchess (U18)"]
[BlackTeam "Opavsko (U18)"]
[WhiteTeamCountry "SVK"]
[BlackTeamCountry "CZE"]

1. e4 c6 2. Nc3 d5 3. Nf3 dxe4 4. Nxe4 Bf5 5. Ng3 Bg6 6. h4 h6 7. h5 Bh7 8. d4 e6 9. Bd3 Bxd3 10. Qxd3 Nf6 11. Bd2 Nbd7 12. 0-0-0 Bd6 13. Ne4 Nxe4 14. Qxe4 Nf6 15. Qd3 b5 16. Qc3 Qb6 17. Ne5 Bxe5 18. dxe5 Ne4 19. Qf3 Nxd2 20. Rxd2 0-0 21. Rd6 Qa5 22. Kb1 c5 23. g4 Rad8 24. g5 Rxd6 25. exd6 Qd2 26. gxh6 Qxh6 27. Qc3 Rd8 28. Qe5 g6 29. Rg1 Qd2 30. hxg6 Qxd6 31. gxf7+ Kxf7 32. Rg7+ Ke8 33. Qh5+ 1-0

[Event "Liptovsky Mikulas CupT U20"]
[Site "Liptovsky Mikulas"]
[Date "2015.06.26"]
[Round "2.4"]
[White "Zemkova, Klara"]
[Black "Pasztor, Daniel"]
[Result "1-0"]
[WhiteElo "1780"]
[BlackElo "1569"]
[PlyCount "53"]
[EventDate "2015.06.25"]
[EventType "team-swiss"]
[EventRounds "7"]
[EventCountry "SVK"]
[SourceTitle "CBM 167 Extra"]
[Source "ChessBase"]
[SourceDate "2015.09.14"]
[SourceVersion "1"]
[SourceVersionDate "2015.09.14"]
[SourceQuality "1"]
[WhiteTeam "Interchess (U18)"]
[BlackTeam "Budapest EAC (U18)"]
[WhiteTeamCountry "SVK"]
[BlackTeamCountry "HUN"]

1. e4 c5 2. Nf3 d6 3. d4 cxd4 4. Nxd4 Nf6 5. Nc3 g6 6. Be3 Bg7 7. Bc4 0-0 8. f3 Bd7 9. Qd2 Nc6 10. 0-0-0 Rc8 11. Bb3 Ne5 12. h4 h5 13. Kb1 Re8 14. Bh6 Bh8 15. g4 Nc4 16. Qe2 Na5 17. gxh5 Nxh5 18. Rhg1 Nxb3 19. Nxb3 Kh7 20. Bd2 a5 21. f4 a4 22. Nc1 Qb6 23. Be3 Qa5 24. Rd5 Qc7 25. Qxh5+ Kg7 26. f5 Rg8 27. Qh6+ 1-0

[Event "Kouty nad Desnou op-A"]
[Site "Kouty nad Desnou"]
[Date "2015.03.08"]
[Round "2"]
[White "Cibikova, Sofia Anna"]
[Black "Zemkova, Klara"]
[Result "0-1"]
[WhiteElo "1582"]
[BlackElo "1752"]
[PlyCount "46"]
[EventDate "2015.03.07"]
[EventType "swiss"]
[EventRounds "9"]
[EventCountry "CZE"]
[SourceTitle "EXT 2017"]
[Source "ChessBase"]
[SourceDate "2016.10.25"]
[SourceVersion "1"]
[SourceVersionDate "2016.10.25"]
[SourceQuality "1"]

1. c4 f5 2. Nc3 Nf6 3. g3 g6 4. Bg2 Bg7 5. d3 e5 6. e4 d6 7. Nge2 c6 8. 0-0 0-0 9. b4 Be6 10. f4 Nbd7 11. Qc2 Qb6+ 12. Kh1 fxe4 13. Nxe4 Nxe4 14. Bxe4 d5 15. cxd5 cxd5 16. Bg2 exf4 17. Rb1 fxg3 18. Nxg3 Rxf1+ 19. Bxf1 Ne5 20. Qe2 Bg4 21. Qc2 Nf3 22. Qg2 Rf8 23. Be2 Bh3 0-1

[Event "Kouty nad Desnou op-A"]
[Site "Kouty nad Desnou"]
[Date "2015.03.07"]
[Round "1"]
[White "Zemkova, Klara"]
[Black "Tuma, Jan"]
[Result "0-1"]
[WhiteElo "1752"]
[BlackElo "2093"]
[PlyCount "82"]
[EventDate "2015.03.07"]
[EventType "swiss"]
[EventRounds "9"]
[EventCountry "CZE"]
[SourceTitle "EXT 2017"]
[Source "ChessBase"]
[SourceDate "2016.10.25"]
[SourceVersion "1"]
[SourceVersionDate "2016.10.25"]
[SourceQuality "1"]

1. e4 c5 2. Nf3 Nc6 3. d4 cxd4 4. Nxd4 Nf6 5. Nc3 e5 6. Ndb5 d6 7. Bg5 a6 8. Na3 b5 9. Bxf6 gxf6 10. Nd5 f5 11. c3 fxe4 12. Bxb5 Bd7 13. Ba4 h5 14. Nc4 Rb8 15. Nde3 Rh6 16. Qd5 Ne7 17. Bxd7+ Qxd7 18. Qxe4 f5 19. Qd3 e4 20. Qd2 Qc6 21. g3 d5 22. Na5 Qb5 23. Nb3 Rhb6 24. Rb1 Bh6 25. Nd4 Qa4 26. b3 Qd7 27. Qe2 f4 28. Qxh5+ Kd8 29. Nef5 Nxf5 30. Nxf5 Bf8 31. 0-0 Rf6 32. Qh4 Qxf5 33. Rbd1 Be7 34. c4 Rd6 35. Qh8+ Kc7 36. Qd4 f3 37. c5 Rd7 38. c6 Kxc6 39. Rc1+ Kd6 40. Qc5+ Ke6 41. Qc6+ Rd6 0-1

[Event "CZE-ch U20 Girls"]
[Site "Frydek Mistek"]
[Date "2014.11.21"]
[Round "8"]
[White "Stranska, Kamila"]
[Black "Zemkova, Klara"]
[Result "0-1"]
[WhiteElo "1629"]
[BlackElo "1697"]
[PlyCount "100"]
[EventDate "2014.11.16"]
[EventType "swiss"]
[EventRounds "9"]
[EventCountry "CZE"]
[SourceTitle "CBM 163 Extra"]
[Source "ChessBase"]
[SourceDate "2014.12.23"]
[SourceVersion "1"]
[SourceVersionDate "2014.12.23"]
[SourceQuality "1"]

1. e4 e6 2. d4 d5 3. exd5 exd5 4. c3 Bd6 5. Bd3 Nc6 6. Be3 Nge7 7. Nd2 Bf5 8. Qc2 Bg6 9. Ngf3 Qd7 10. h3 Nf5 11. 0-0-0 0-0-0 12. Rhe1 Kb8 13. Nb3 b6 14. Kb1 a5 15. g4 Nxe3 16. fxe3 Rde8 17. Re2 Rhf8 18. Nh4 Bxd3 19. Qxd3 g6 20. Rf1 Qe7 21. Nf3 f5 22. gxf5 Rxf5 23. Nbd2 Qf7 24. e4 dxe4 25. Rxe4 Rf8 26. Rfe1 Rxf3 27. Nxf3 Qxf3 28. Qxf3 Rxf3 29. R4e3 Rxe3 30. Rxe3 Ne7 31. Kc2 Kc8 32. Kd3 Kd7 33. c4 c6 34. b3 h5 35. Re4 g5 36. Ke2 Nf5 37. Kf3 Bb4 38. d5 cxd5 39. cxd5 Nh4+ 40. Kg3 Bd6+ 41. Kf2 Bc5+ 42. Kg3 Kd6 43. Re8 Kxd5 44. Rh8 Nf5+ 45. Kf3 Nd4+ 46. Kg3 Bd6+ 47. Kg2 Ne6 48. Kf3 Nf4 49. Rh6 b5 50. Rh8 Kc5 0-1

[Event "CZE-ch U20 Girls"]
[Site "Frydek Mistek"]
[Date "2014.11.20"]
[Round "7"]
[White "Zemkova, Klara"]
[Black "Gresova, Zuzana"]
[Result "1/2-1/2"]
[WhiteElo "1697"]
[BlackElo "1830"]
[PlyCount "39"]
[EventDate "2014.11.16"]
[EventType "swiss"]
[EventRounds "9"]
[EventCountry "CZE"]
[SourceTitle "CBM 163 Extra"]
[Source "ChessBase"]
[SourceDate "2014.12.23"]
[SourceVersion "1"]
[SourceVersionDate "2014.12.23"]
[SourceQuality "1"]

1. e4 c5 2. d4 cxd4 3. c3 dxc3 4. Nxc3 e6 5. Bc4 a6 6. Nf3 Nc6 7. 0-0 Nge7 8. a3 Ng6 9. Qe2 Be7 10. Rd1 Qc7 11. Be3 b5 12. Ba2 0-0 13. Rac1 Qb7 14. Ne1 Rd8 15. f4 d6 16. Qh5 Bf6 17. Nf3 Rb8 18. e5 dxe5 19. fxe5 Be7 20. Ne4 1/2-1/2

[Event "Orlova op-A 11th"]
[Site "Orlova"]
[Date "2014.05.28"]
[Round "3"]
[White "Opela, Radek"]
[Black "Zemkova, Klara"]
[Result "0-1"]
[WhiteElo "1329"]
[BlackElo "1724"]
[PlyCount "70"]
[EventDate "2014.05.26"]
[EventType "swiss"]
[EventRounds "9"]
[EventCountry "CZE"]
[SourceTitle "CBM 160 Extra"]
[Source "ChessBase"]
[SourceDate "2014.07.01"]
[SourceVersion "1"]
[SourceVersionDate "2014.07.01"]
[SourceQuality "1"]

1. d4 f5 2. Nf3 Nf6 3. Bf4 g6 4. c4 Bg7 5. Nc3 0-0 6. e3 d6 7. Bd3 Qe8 8. 0-0 c6 9. Re1 Nbd7 10. Qd2 e5 11. Bg3 Qe7 12. e4 f4 13. dxe5 fxg3 14. exf6 gxh2+ 15. Nxh2 Bxf6 16. Nf3 Ne5 17. Nd4 Bg5 18. Qc2 c5 19. Nd5 Qf7 20. Nb5 Nxd3 21. Qxd3 Qxf2+ 22. Kh1 Qh4+ 23. Kg1 Qf2+ 24. Kh1 Bf4 25. Nxf4 Rxf4 26. g3 Bg4 27. Rf1 Bf3+ 28. Qxf3 Rxf3 29. Rxf2 Rxf2 30. b3 Rd2 31. Re1 a6 32. Nc7 Rf8 33. Nd5 Rxa2 34. e5 dxe5 35. Kg1 Rf3 0-1

[Event "Orlova op-A 11th"]
[Site "Orlova"]
[Date "2014.05.27"]
[Round "2"]
[White "Zemkova, Klara"]
[Black "Chromik, Tomas"]
[Result "0-1"]
[WhiteElo "1724"]
[BlackElo "1939"]
[PlyCount "60"]
[EventDate "2014.05.26"]
[EventType "swiss"]
[EventRounds "9"]
[EventCountry "CZE"]
[SourceTitle "CBM 160 Extra"]
[Source "ChessBase"]
[SourceDate "2014.07.01"]
[SourceVersion "1"]
[SourceVersionDate "2014.07.01"]
[SourceQuality "1"]

1. e4 e5 2. Nf3 Nf6 3. Nc3 Bb4 4. Bc4 0-0 5. d3 d5 6. exd5 Nxd5 7. Bd2 Nxc3 8. bxc3 Bc5 9. h3 Nc6 10. 0-0 Qd6 11. Re1 Qg6 12. Nh4 Qg3 13. d4 Qxh4 14. g3 Qxh3 15. dxc5 Bg4 16. Be2 Bxe2 17. Qxe2 f5 18. Rab1 f4 19. Qf3 fxg3 20. Qxg3 Qxg3+ 21. fxg3 b6 22. Re4 Rad8 23. Be3 Rd7 24. Kg2 Re8 25. Kh1 h6 26. Rg4 Kh7 27. Rh4 Re6 28. g4 Ne7 29. g5 Nf5 30. Re4 Ng3+ 0-1

[Event "Senica op 02"]
[Site "Senica"]
[Date "2014.02.26"]
[Round "3"]
[White "Zemkova, Klara"]
[Black "Volna, Lukas"]
[Result "1-0"]
[WhiteElo "1730"]
[BlackElo "1838"]
[PlyCount "59"]
[EventDate "2014.02.24"]
[EventType "swiss"]
[EventRounds "7"]
[EventCountry "SVK"]
[SourceTitle "CBM 159 Extra"]
[Source "ChessBase"]
[SourceDate "2014.04.24"]
[SourceVersion "1"]
[SourceVersionDate "2014.04.24"]
[SourceQuality "1"]

1. e4 d6 2. d4 Nf6 3. Nc3 g6 4. Be3 Bg7 5. Qd2 h5 6. h3 c6 7. f4 Qc7 8. Bd3 e6 9. Nf3 Nbd7 10. 0-0 Nb6 11. g4 a5 12. Qf2 Nbd7 13. Rae1 d5 14. exd5 Nxd5 15. Nxd5 cxd5 16. f5 gxf5 17. Bxf5 Nb6 18. Ng5 Nc4 19. Bf4 Qb6 20. Kh1 Bxd4 21. Qf3 Qc6 22. b3 Nb6 23. Nxf7 Kxf7 24. Bxe6+ Bxe6 25. Bd6+ Kg8 26. Rxe6 Rh7 27. Rg6+ Bg7 28. Qf7+ Kh8 29. Be5 Rg8 30. Bxg7+ 1-0

[Event "CZE-ch U16 Girls"]
[Site "Kouty nad Desnou"]
[Date "2013.03.09"]
[Round "1"]
[White "Novotna, Barbora"]
[Black "Zemkova, Klara"]
[Result "1/2-1/2"]
[WhiteElo "1551"]
[BlackElo "1715"]
[PlyCount "97"]
[EventDate "2013.03.09"]
[EventType "swiss"]
[EventRounds "9"]
[EventCountry "CZE"]
[SourceTitle "EXT 2015"]
[Source "ChessBase"]
[SourceDate "2014.11.20"]
[SourceVersion "1"]
[SourceVersionDate "2014.11.20"]
[SourceQuality "1"]

1. e4 e6 2. d4 d5 3. e5 c5 4. c3 Nc6 5. Nf3 Qb6 6. a3 Nh6 7. b4 cxd4 8. cxd4 Nf5 9. Bb2 Be7 10. Be2 Bd7 11. 0-0 0-0 12. b5 Na5 13. Nc3 Rac8 14. Rc1 Qd8 15. Bd3 Nc4 16. Bxc4 Rxc4 17. Re1 Qb6 18. Nd2 Rcc8 19. a4 Nxd4 20. Nb3 Nxb3 21. Qxb3 a6 22. Ne2 Bc5 23. Rxc5 Rxc5 24. Bd4 axb5 25. Qb4 Rfc8 26. Bxc5 Qxc5 27. Qxc5 Rxc5 28. axb5 Bxb5 29. Nd4 Ba4 30. h3 Kf8 31. Rb1 b5 32. Kf1 Ke7 33. Ke2 f6 34. f4 g5 35. exf6+ Kxf6 36. fxg5+ Ke5 37. Nf3+ Kd6 38. h4 Bc2 39. Rb2 e5 40. g4 Be4 41. Nd2 Bg6 42. h5 Be8 43. Ra2 Bd7 44. Ra6+ Ke7 45. Ra7 Rc6 46. Nf3 Re6 47. g6 hxg6 48. h6 g5 49. h7 1/2-1/2

[Event "Morava-ch U16"]
[Site "Kouty nad Desnou"]
[Date "2012.10.26"]
[Round "6"]
[White "Zemkova, Klara"]
[Black "Nytra, Petr"]
[Result "1/2-1/2"]
[WhiteElo "1702"]
[BlackElo "1723"]
[PlyCount "40"]
[EventDate "2012.10.24"]
[EventType "swiss"]
[EventRounds "9"]
[EventCountry "CZE"]
[SourceTitle "EXT 2015"]
[Source "ChessBase"]
[SourceDate "2014.11.20"]
[SourceVersion "1"]
[SourceVersionDate "2014.11.20"]
[SourceQuality "1"]

1. e4 c5 2. Nf3 Nc6 3. d4 cxd4 4. Nxd4 e5 5. Nb5 a6 6. Nd6+ Bxd6 7. Qxd6 Qf6 8. Qa3 Nge7 9. Nc3 0-0 10. Bd3 d6 11. 0-0 Qg6 12. f4 f5 13. Be3 fxe4 14. Bxe4 Bf5 15. Qb3+ Kh8 16. Bxc6 bxc6 17. Qb7 Nd5 18. Nxd5 cxd5 19. Qxd5 Be4 20. Qd2 Bxc2 1/2-1/2

[Event "Morava-ch U16"]
[Site "Kouty nad Desnou"]
[Date "2012.10.25"]
[Round "3"]
[White "Navratil, Jiri2222"]
[Black "Zemkova, Klara"]
[Result "1-0"]
[WhiteElo "2057"]
[BlackElo "1702"]
[PlyCount "57"]
[EventDate "2012.10.24"]
[EventType "swiss"]
[EventRounds "9"]
[EventCountry "CZE"]
[SourceTitle "EXT 2015"]
[Source "ChessBase"]
[SourceDate "2014.11.20"]
[SourceVersion "1"]
[SourceVersionDate "2014.11.20"]
[SourceQuality "1"]

1. e4 e6 2. d4 d5 3. Nd2 c5 4. exd5 exd5 5. Ngf3 Nf6 6. Be2 Nc6 7. 0-0 cxd4 8. Nb3 Bd6 9. Nfxd4 0-0 10. Bg5 h6 11. Bh4 a6 12. h3 Bc7 13. c3 Ne5 14. Bf3 g5 15. Bg3 Nxf3+ 16. Qxf3 g4 17. Bxc7 gxf3 18. Bxd8 fxg2 19. Bxf6 gxf1Q+ 20. Rxf1 Kh7 21. Kh2 Rg8 22. Re1 Rg6 23. Bh4 Be6 24. Nxe6 fxe6 25. Bg3 Rag8 26. Nc5 b6 27. Nxa6 Ra8 28. Nb4 Rag8 29. Nd3 1-0